ბათუმის შოთა რუსთაველის სახელმწიფო უნივერსიტეტის ბიბლიოთეკა

ქართული ლიტერატურის ისტორია (ბიბ.ჩანაწერი № 41965)

000 -LEADER
fixed length control field 01144nam a2200229Ia 4500
001 - CONTROL NUMBER
control field 8649
003 - CONTROL NUMBER IDENTIFIER
control field GE_BSU
008 - FIXED-LENGTH DATA ELEMENTS--GENERAL INFORMATION
fixed length control field 181216s||||||||xx |||||||||||||| ||und||
040 ## - CATALOGING SOURCE
Transcribing agency GE_BSU
080 ## - UNIVERSAL DECIMAL CLASSIFICATION NUMBER
Universal Decimal Classification number 821.353.1.09
245 ## - TITLE STATEMENT
Title ქართული ლიტერატურის ისტორია
245 ## - TITLE STATEMENT
Remainder of title ექვს ტომად, ტ. 5
245 ## - TITLE STATEMENT
Statement of responsibility, etc. მთ. რედ. გიორგი აბზიანიძე, გურამ ასათიანი, ალექსანდრე ბარამიძე, გურამ გვერდწითელი, გიორგი მერკვილაძე, ბ. ჟღენტი, სჭილაია, გ. ჯიბლაძე
250 ## - EDITION STATEMENT
Edition statement რუსთაველის სახ. ქართული ლიტერატურის ისტორიის ინ-ტი.
260 ## - PUBLICATION, DISTRIBUTION, ETC.
Place of publication, distribution, etc. თბ.
260 ## - PUBLICATION, DISTRIBUTION, ETC.
Name of publisher, distributor, etc. საბჭოთა საქართველო
260 ## - PUBLICATION, DISTRIBUTION, ETC.
Date of publication, distribution, etc. 1982
300 ## - PHYSICAL DESCRIPTION
Extent 542 გვ. 26 სმ
653 ## - INDEX TERM--UNCONTROLLED
Uncontrolled term ქართული ლიტერატურის ისტორია
942 ## - ADDED ENTRY ELEMENTS (KOHA)
Koha item type წიგნი
ეგზემპლარები
Withdrawn status Lost status Damaged status Not for loan Date acquired Barcode Date last seen Price effective from Koha item type
        2018-12-17 26769 2018-12-17 2018-12-17 წიგნი